[Event "Hradec Kralove Region-chT 2223"]
[Site "Czech Republic"]
[Date "2022.10.09"]
[Round "1.7"]
[White "Hyks, Jan"]
[Black "Minovsky, Roman"]
[Result "1/2-1/2"]
[WhiteElo "1588"]
[BlackElo "1924"]
[PlyCount "29"]
[EventDate "2022.10.09"]
[EventType "team-tourn"]
[EventRounds "11"]
[EventCountry "CZE"]
[SourceTitle "EXT 2024"]
[Source "ChessBase"]
[SourceDate "2023.10.10"]
[SourceVersion "1"]
[SourceVersionDate "2023.10.10"]
[SourceQuality "1"]

1. e4 e6 2. Nf3 d5 3. e5 c5 4. b4 Qc7 5. bxc5 Bxc5 6. Ba3 Nd7 7. Bxc5 Nxc5 8. d4 Nd7 9. Bd3 Ne7 10. 0-0 Ng6 11. Na3 a6 12. Qd2 Nb6 13. Qa5 Rb8 14. Rfd1 Bd7 15. c4 1/2-1/2